000
00240nam a2200109Ia 4500
008
190216s9999||||xx |||||||||||||| ||und||
100
_a
Mahajan Vd
245
0
_a
India Since 1526
260
_b
S Chand & Co
650
_a
History
942
_c
BK
999
_c
19091
_d
19091